| 000 | 00863nam a22002057a 4500 | ||
|---|---|---|---|
| 999 |
_c63702 _d63702 |
||
| 003 | Ge_BSU | ||
| 005 | 20251211202105.0 | ||
| 008 | 251211s2025 ge ||||| |||| 00| 0 geo d | ||
| 020 | _a9789941986450 | ||
| 041 | _ageo | ||
| 080 | _a016:821.353.1(092) მ- 74 | ||
| 100 |
_aმიქაბერიძე, მ. _925800 |
||
| 245 |
_aკონსტანტინე გამსახურდია (1893-1975) : _bბიბლიოგრაფია / _cმაია მიქაბერიძე; რედ. ს. სიგუა. |
||
| 264 |
_aთბილისი, _c2025. |
||
| 300 |
_a186 გვ.; _b21 სმ. |
||
| 653 | _aბიბლიოგრაფია | ||
| 653 | _aგამსახურდია კონსტანტინე | ||
| 700 |
_aსიგუა, ს. _eრედაქტორი _94626 |
||
| 942 |
_2udc _cᲬᲘᲒᲜᲘ |
||